000 00647nam a22002297a 4500
001 610
005 20250828103718.0
020 _a9781740898003
040 _aFISKH
_beng
_cFISKH
_dFISKH
082 _a577.7/89
100 _aCoupe, Robert.
_d1941-
245 _aCoral reeps /
_cby Coupe, Robert.
260 _aSydney :
_bWeldon Owen ;
_c2008.
300 _a32 pages ;
_bcolor illustrations;
_c23 cm.
490 _aTop Readers (Stage 3)
505 _aQ
520 _aDescribes life in and near a coral reef.
521 _a890
_bLexile
521 _aQ
_bRaz-Plus
650 _2Ocean
_aCoral reefs
_vNon Fiction
942 _2ddc
_cBK
_n0
999 _c610
_d610